|
|
|
|
| LEADER |
01414nam a2200289 a 4500 |
| 001 |
14532291 |
| 003 |
BD-DhAAL |
| 008 |
090722s2005 bg ab b i000 0 eng d |
| 010 |
|
|
|a 2006561706
|
| 040 |
|
|
|a DLC
|c DLC
|d DLC
|d BD-DhAAL
|
| 082 |
0 |
0 |
|a 305.5/6095492
|2 22
|
| 245 |
0 |
0 |
|a Targeting resources for the poor in Bangladesh.
|
| 260 |
|
|
|a [Dhaka] :
|b World Bank Office, Dhaka,
|c 2005.
|
| 300 |
|
|
|a iv, 124 pages :
|b ill., col. maps ;
|c 29 cm.
|
| 490 |
0 |
|
|a Bangladesh development series ;
|v paper no. 5
|
| 500 |
|
|
|a "Document of the World Bank."
|
| 504 |
|
|
|a Includes bibliographical references (p. 93-95).
|
| 526 |
|
|
|x Salim khan
Sr. program Associate
James P. Grant School.
Course name and no. N/A
|
| 541 |
1 |
|
|a A H Development publishing house
|e 00018470
|
| 650 |
|
0 |
|a Poor
|z Bangladesh.
|
| 650 |
|
0 |
|a Poverty
|z Bangladesh.
|
| 710 |
2 |
|
|a World Bank.
|b Bangladesh Dhaka Office.
|
| 852 |
4 |
|
|a SPH
|j General Shelf.
|
| 942 |
|
|
|2 ddc
|c BK
|
| 999 |
|
|
|c 2690
|d 2690
|
| 952 |
|
|
|0 0
|1 0
|2 ddc
|4 0
|6 305_560954920000000_TAR_2005
|7 0
|9 2471
|a JPGSPH
|b JPGSPH
|d 2009-04-29
|e A H Development Publishing House.
|g 7800.00
|l 0
|o 305.56095492 TAR
|p 3060018470
|r 2009-07-22
|t 1
|w 2009-07-22
|y BK
|x Requisitioned by Salim khan, Sr. program Associate, James P. Grant School. Course name and no. N/A
|
| 952 |
|
|
|0 0
|1 0
|2 ddc
|4 0
|6 305_560954920000000_TAR_2005
|7 0
|9 9842
|a BRACUL
|b BRACUL
|c GEN
|d 2010-05-06
|l 0
|o 305.56095492 TAR
|p 3010015392
|r 2010-05-06
|t 2
|w 2010-05-06
|y BK
|